000 00580nam a2200181 i 4500
001 120178
003 ES-MaACL
005 20251012063049.0
007 t|
008 070214n19001990sp r ||||1| spa d
100 1 _aPérez Vidal, José,
_d1907-1990
_9160934
245 1 1 _a"Floresvento` y `La esposa infiel` /
_cJosé Pérez Vidal.
260 _aPorto :
_bLivraria Simoes Lopes,
_c[19__?]
300 _a4 p. ;
_c25 cm.
500 _aEs tirada aparte de `Douro-Litoral`, Nº IX da Quarta Série.
852 _aES-MaACL
_j2087-F-33
_bR.89912
999 _c120178
_d120178